| 000 | 00479nam a22001697a 4500 | ||
|---|---|---|---|
| 005 | 20260105161817.0 | ||
| 008 | 260105b |||||||| |||| 00| 0 eng d | ||
| 020 | _a978-81-7371-735-2 | ||
| 100 | _aOUMACHIGUI, ASHA | ||
| 245 |
_aESSENTIAL OBSTETRICS _bTEXTBOOK FOR UNDERGRADUATES |
||
| 260 |
_aHYDERABAD, INDIA _bUNIVERSITIES PRESS _c2011 |
||
| 300 | _aXXII, 506P. | ||
| 500 | _aINCLUDES INDEX | ||
| 650 | _aOBSTETRICS | ||
| 700 | _aRAGAHAVAN, S SOUNDARA | ||
| 942 |
_2lcc _cBK |
||
| 999 |
_c216403 _d216403 |
||